000 00583nam a2200181 i 4500
001 58509
003 ES-MaACL
005 20230906163826.0
007 t|
008 031022s1966 sp ||||1| spa d
100 1 _aDurfort, Raymond.
_946295
245 1 0 _aHaga sus trabajos de carpintería y repare sus muebles usted mismo /
_cRaymond Durfort ; traducción de Gregorio Sanz García.
250 _a[2ª ed.].
260 _aMadrid :
_bEspasa-Calpe,
_c1966.
300 _a64 p. :
_bil. ;
_c18 cm.
700 1 _aSanz García, Gregorio.
_9103642
852 _aES-MaACL
_jC-31365
_bR.61919
999 _c58509
_d58509